000 04697cam a22019094i 4500
001 a5062548
003 PE-LiUPU
005 20250813165312.0
005 20110704
008 140603s2011 sp a g b 000 0 spa
020 _a8449325099
020 _a9788449325090
035 _a(Sirsi) i9788449325090
035 _a(Sirsi) i9788449325090
035 _a(OCoLC)776372855
040 _aSpMaBN
_bspa
_cSpMaBN
_dPE-LiUPU
_erda
041 1 _aspa
_heng
082 0 4 _a658.312
_bW62
100 1 _aWhitmore, John,
_eautor.
240 1 0 _aCoaching for perfomance.
_lEspañol
245 1 0 _aCoaching :
_bel método para mejorar el rendimiento de las personas : los principios y la práctica del "coaching" y del liderazgo /
_cJohn Whitmore ; [traducción de Montserrat Asensio Fernández].
250 _aNueva edición ampliada y revisada. [1ª edición de esta versión actualizada de la obra]
264 1 _aBarcelona :
_bPaidós,
_c2011.
300 _a271 páginas :
_bilustraciones ;
_c22 centímetros.
336 _atext
_btxt
_2rdacontent
337 _aunmediated
_bn
_2rdamedia
338 _avolume
_bnc
_2rdacarrier
490 0 _aPaidós empresa ;
_v122
504 _aBibliografía: páginas [269]-271.
505 0 _aLos principiios del coaching -- La práctica del coaching -- Liderar para optimizar el rendimiento -- La transformación mediante el coaching transpersonal.
526 _aP203
526 _aP200
526 _aSEG65
526 _aSEG64
526 _aSEG63
526 _aSEG62
526 _aSEG61
526 _aSEG60
526 _aSEG59
526 _aSEG58
526 _aSEG57
526 _aSEG56
526 _aSEG55
526 _aSEG54
526 _aSEG53
526 _aSEG52
526 _aSEG51
526 _aSEG50
526 _aSEG49
526 _aSEG48
526 _aSEG47
526 _aSEG46
526 _aSEG24
526 _aSEG23
526 _aSEG22
526 _aSEG21
526 _aSEG20
526 _aSEG19
526 _aSEG18
526 _aSEG17
526 _aSEG16
526 _aSEG14
526 _aSEG13
526 _aSEG12
526 _aSEG11
526 _aSEG10
526 _aSEG09
526 _aSEG06
526 _aSEG05
526 _aSEG04
526 _aSEG03
526 _aSEG02
526 _aSEG68
526 _aSEG66
526 _aSEG45
526 _aSEG25
526 _aSEG01
526 _aP163
526 _aP162
526 _aP161
526 _aP160
526 _aP159
526 _aP158
526 _aP157
526 _aP156
526 _aP155
526 _aP154
526 _aP153
526 _aP152
526 _aP151
526 _aP150
526 _aP149
526 _aP142
526 _aP141
526 _aP140
526 _aP139
526 _aP138
526 _aP137
526 _aP132
526 _aP131
526 _aP130
526 _aP126
526 _aP125
526 _aP124
526 _aP123
526 _aP115
526 _aP122
526 _aP121
526 _aP116
526 _a P114
526 _aP112
526 _aP111
526 _aP104
526 _aP103
526 _aP102
526 _aP101
526 _aP100
526 _aP96
526 _aP95
526 _aP93
526 _aP92
526 _aP91
526 _aP88
526 _aP83
526 _aP82
526 _aP79
526 _aP78
526 _aP75
526 _aP74
526 _aP71
526 _aP69
526 _a P51
526 _aP49
526 _aP48
526 _aP47
526 _aP33
526 _aP31
526 _a P30
526 _aP29
526 _aP27
526 _aP26
526 _aP25
526 _aP24
526 _a P22
526 _aP10
526 _aP09
526 _a P08
526 _aP06
526 _aP05
526 _aP04
526 _aP01
650 7 _aTutoría (Empresas).
_2embne
700 1 _aAsencio Fernández, Montserrat,
_etraductor.
910 _clch
942 _2ddc
_cBOOK
949 _i69951
_lCCODEBUL1
_mBUL
_tLIBRO
_o.STAFF. Colección General
994 _aC0
_bPEPRU
596 _a1
999 _a658.312 W62
_wDEWEY
_c6251
_i69951
_d6251
_e2017-10-23
_f2019-12-11
_g5
_lCCODEBUL1
_mBUL
_n10
_p28.00
_r0
_sY
_tBOOK
_u2015-7-20
_xFCE
_PP04
_0COMPRA
_o.STAFF. Colección General
999 _a658.3125 W62
_wDEWEY
_c1
_i71840
_d2018-9-6
_e2016-9-29
_f2021-11-8
_g4
_lCCODEBUL1
_mBUL
_n3
_p39.94
_q1
_r0
_sY
_tBOOK
_u2015-11-17
_xFCE
_zP33
_0COMPRA
_o.STAFF. Colección Ciencias Empresariales
980 _81
_gALBERTO SANCHEZ Responsable de Automatización